000 00815cam a22002771 4500
001 8753
003 BD-RjUL
005 20211208234637.0
008 140119r19681965xx 001 0 eng
035 _a(BD-RjUL)8798
035 _a(OCoLC)535857
040 _aDLC
_cODaWU
_dUk
_dDLC
_dBD-RjUL
_beng
041 _aeng
082 _a537
_bBLE 1968
_223
100 1 _aBleaney, B. I.
_q(Betty Isabelle)
_927227
245 1 0 _aElectricity and magnetism /
_cB. I. Bleaney.
250 _a2d ed.
260 _aOxford :
_bClarendon Press,
_cc1965 [Reprint 1968].
300 _a764 p. :
_bill. ;
_c24 cm.
504 _aIncludes bibliographies & Index.
650 0 _aElectricity.
_927228
650 0 _aMagnetism.
_9240
700 1 _aBleaney, B.
_q(Brebis)
_ejoint author.
_927229
942 _2ddc
_cBK
999 _c8753
_d8753